| 000 | 00661nam a22002177a 4500 | ||
|---|---|---|---|
| 003 | OSt | ||
| 005 | 20240215105643.0 | ||
| 008 | 170515t xxu||||| |||| 00| 0 eng d | ||
| 020 | _a8172341342 | ||
| 040 | _c0 | ||
| 082 |
_a747.2954 _bSON |
||
| 100 | 1 |
_aSoni, Varun _9120497 |
|
| 245 | 1 | 0 |
_aLiving in India : _blives in style/ _cVarun Soni and Sushil Soorma. |
| 260 |
_bPrakash Books india pvt Ltd, _c2006. |
||
| 300 |
_a271 p.: _bill; _c30 cm. |
||
| 651 |
_aInterior decoration _9120468 |
||
| 651 |
_aArchitecture, Domestic _9120462 |
||
| 651 |
_aHouse furnishings _9120401 |
||
| 710 | 1 |
_aSoorma,Sushil. _9120498 |
|
| 942 |
_2ddc _cBK _aSADA _k747.2954 SON 2006 |
||
| 999 |
_c607753 _d607753 |
||